| 000 | 00425nam a2200181Ia 4500 | ||
|---|---|---|---|
| 001 | 4733 | ||
| 005 | 20260306145817.0 | ||
| 008 | 260306t2011||||xx |||||||||||||| ||spa|| | ||
| 041 | _aESP | ||
| 082 |
_a330.015195 _bC268 |
||
| 100 |
_aCourt Monteverde, Eduardo _eAUT |
||
| 245 | 0 | _aEstadísticas y econometría financiera | |
| 260 | _c2011 | ||
| 300 |
_a _c |
||
| 650 | _aGEN | ||
| 654 | _aCAN | ||
| 942 |
_cLIB _dJUS _fJUS _2ddc _n |
||
| 999 |
_c4733 _d4733 |
||